00632nam a2200205Ia 4500003000400000005001700004008004100021020001800062040001800080041000800098082001900106100002300125245008700148250001200235260005700247300002200304650003500326650003000361650003500391OSt20220208123704.0210716s2009 xx 000 0 und d a9788189938246 cAIMIT LIBRARY aeng a658.421bSAGM aSagini, Meshack M. aOrganizational behavior:bchallenges of the new millennium.cBy Meshack M, Sagini. a1st ed. aNew Delhi :c2009.bOverseas Press India Pvt. Ltd. , a731p. ;c21.5 cm. aOrganizational work motivation aOrganizational technology aOrganizational decision making